LEADER 01222nam0-22003611i-450- 001 990002961070403321 005 20070731135229.0 010 $a88-458-0254-X 035 $a000296107 035 $aFED01000296107 035 $a(Aleph)000296107FED01 035 $a000296107 100 $a20030910d2000----km-y0itay50------ba 101 0 $aita 102 $aIT 200 1 $a<>presenza straniera in Italia$ecaratteristiche demografiche$epermessi di soggiorno al 1.1.1998, residenti stranieri al 1.1.1998$fIstituto Nazionale di Statistica$ga cura di Domenico Gabrielli 210 $aRoma$cIstat$d2000 215 $a132 p.$d30 cm$e1 floppy disk 225 1 $aInformazioni$fIstat$v7 300 $aIn testa al frontespizio: "Sistema statistico nazionale. Istituto Nazionale di Statistica" 300 $aSettore popolazione 610 0 $aItalia$aimmigrazione$a1990-1998 676 $a304.8 702 1$aGabrielli,$bDomenico 710 02$aIstat$0374421 801 0$aIT$bUNINA$gRICA$2UNIMARC 901 $aBK 912 $a990002961070403321 952 $aCDI-I-07-00-Pos-2$b7428$fMAS 952 $aCDI-I-07b-00-Pos-2$b7525$fMAS 959 $aMAS 996 $aPresenza straniera in Italia$9237576 997 $aUNINA LEADER 01239nam2-2200361---450- 001 990003695860203316 005 20121008095734.0 010 $a978-1-4073-0983-5 035 $a000369586 035 $aUSA01000369586 035 $a(ALEPH)000369586USA01 035 $a000369586 100 $a20121008d2012----km-y0itay50------ba 101 0 $aeng 102 $aGB 105 $aa---||||001yy 200 1 $aChlemoutsi Castle (Clermont, Castel Tornese), NW Peloponnese$eits pottery and its relations with the west (13th-early 19th centuries)$fStefania S. Skartsis 210 $aOxford$cArcheopress$d2012 215 $a201 p.$cill.$d30 cm 225 2 $aBAR International series$v2391 410 0$1001000018484$12001$aBAR International series$v, 2391 606 0 $aOggetti di scavo$yPeloponneso$2BNCF 676 $a938.6 700 1$aSKARTSIS,$bStefania S.$0613042 801 0$aIT$bsalbc$gISBD 912 $a990003695860203316 951 $aXI.5. Coll. 12/ 1037$b238235 L.M.$cXI.5. Coll.$d00312735 959 $aBK 969 $aUMA 979 $aIANNONE$b90$c20121008$lUSA01$h0903 979 $aIANNONE$b90$c20121008$lUSA01$h0957 996 $aChlemoutsi Castle (Clermont, Castel Tornese), NW Peloponnese$91142226 997 $aUNISA